000 00360nam a2200157Ia 4500
005 20240807062420.0
008 240806s9999||||xx |||||||||||||| ||eng||
041 _aeng
082 _a891.433
_bSHAM
100 _aSharma, Rajesh
245 0 _aJaysi /
_cSharma, Rajesh
260 _bArun Prakashan, New Delhi
300 _a56
650 _aHindi
942 _cBK
999 _c18283
_d18283